Statistics for Dreamworks Movies by Picture

Click here to take the quiz!

General Stats

  • This quiz has been taken 175 times
  • The average score is 13 of 16

Answer Stats

Answer% Correct
Shrek
100%
Kung Fu Panda
98%
Madagascar
95%
How To Train Your Dragon
90%
Megamind
89%
Bee Movie
88%
The Boss Baby
86%
Puss in Boots: The Last Wish
85%
Turbo
83%
The Croods
81%
Antz
79%
Shark Tale
76%
Chicken Run
75%
Monsters vs. Aliens
73%
Home
72%
The Bad Guys
65%

Score Distribution

Percentile by Number Answered

Percent of People with Each Score

Your Score History

You have not taken this quiz